000 00735nam a2200217Ii 4500
003 JO-AjNU
008 230605s9999||||xx |||||||||||||| ||und||
017 _a2018/5/2606
040 _aJO-AjNU
_bara
_erda
_cJO-AjNU
041 _aara
050 1 4 _aPJ7866.M358.582 2018
100 3 _aعمر، زهرة,
_eauthor
_958429
245 0 0 _a الخروج من "سوسروقه"
264 3 1 _aعمان: وزارة الثقافة، 2018
300 _a301ص
336 _atext
_btxt
_2rdacontent
337 _aunmediated
_bn
_2rdamedia
338 _avolume
_bnc
_2rdacarrier
490 0 _aمكتبة الاسرة الاردنية/ مهرجان القراءة للجميع، 2018
650 4 _aقصص عربية-العصر الحديث
_958430
999 _aA26238
_c29806
_d29806